000 00771nam a2200229 4500
003 OSt
005 20260530115305.0
008 260422b1967 nyua|||| |||| 00| 0 eng d
040 _aICI
_bspa
_cICI
050 _aHT151
_bE52
100 1 _aEldredge, Hanford Wentworth,
_d1909-,
_931845
245 1 0 _aaming megalopolis /
_cEd. with a preface and headnotes, by h. wentworth eldredge
264 1 _bAnchor Books,
_c1967
_aGarden City, New York. :
300 _a576 páginas
_c18.2 cm
336 _atexto
_2rdacontent
337 _asin medio
_2rdamedia
338 _avolumen
_2rdacarrier
505 _aContenido: v.1. what is and what could be.-- v.2. how to manage an urbanized world
650 0 _aCiudades y pueblos
_922758
650 0 _aUrbanismo
_9788
942 _2lcc
_cBK
999 _c13051
_d13051